[Event "SVK-chT2A 0809"]
[Site "Slovakia"]
[Date "2008.10.11"]
[Round "1.2"]
[White "Stetina, Erik"]
[Black "Maslik, Miroslav"]
[Result "0-1"]
[WhiteElo "2043"]
[BlackElo "2328"]
[PlyCount "64"]
[EventDate "2008.10.11"]
[EventType "team-tourn"]
[EventRounds "11"]
[EventCountry "SVK"]
[SourceTitle "EXT 2010"]
[Source "ChessBase"]
[SourceDate "2010.11.25"]
[SourceVersion "1"]
[SourceVersionDate "2010.11.25"]
[SourceQuality "1"]
[WhiteTeam "Trnava Lokomotiva II"]
[BlackTeam "Pezinok KS"]
[WhiteTeamCountry "SVK"]
[BlackTeamCountry "SVK"]

1. e4 e6 2. d4 d5 3. exd5 exd5 4. Nf3 Bg4 5. Bd3 Bd6 6. 0-0 Ne7 7. Re1 c5 8. dxc5 Bxc5 9. Nc3 Nbc6 10. h3 Bh5 11. Bf4 f6 12. Nb5 0-0 13. Nc7 Bxf3 14. gxf3 Rc8 15. Ne6 Qb6 16. Qe2 Rf7 17. c3 Ng6 18. Qc2 Nce5 19. Bxe5 fxe5 20. Nxc5 Qxc5 21. Bxg6 hxg6 22. Rxe5 Rxf3 23. Rd1 Rcf8 24. Rd4 Qc8 25. Qxg6 Rxf2 26. Rg4 R2f7 27. Rh5 Qc5+ 28. Rd4 Rf1+ 29. Kg2 R8f2+ 30. Kg3 Rg1+ 31. Kxf2 Rxg6 32. Rhxd5 Qf8+ 0-1

[Event "SVK-chT1W 0607"]
[Site "Slovakia"]
[Date "2007.03.25"]
[Round "11.5"]
[White "Stetina, Erik"]
[Black "Pasko, Peter"]
[Result "1-0"]
[WhiteElo "2100"]
[BlackElo "2122"]
[PlyCount "45"]
[EventDate "2006.10.07"]
[EventType "team-tourn"]
[EventRounds "11"]
[EventCountry "SVK"]
[SourceTitle "EXT 2008"]
[Source "ChessBase"]
[SourceDate "2007.11.25"]
[SourceVersion "1"]
[SourceVersionDate "2007.11.25"]
[SourceQuality "1"]
[WhiteTeam "Trnava Lokomotiva"]
[BlackTeam "Bratislava Doprastav"]
[WhiteTeamCountry "SVK"]
[BlackTeamCountry "SVK"]

1. e4 c5 2. d4 cxd4 3. c3 dxc3 4. Nxc3 d6 5. Bc4 Nc6 6. Nf3 e6 7. 0-0 Nf6 8. Qe2 Be7 9. Rd1 Qc7 10. Bg5 a6 11. Rac1 Bd7 12. Bb3 Qa5 13. h3 Rd8 14. Be3 Qh5 15. Bb6 Rc8 16. Ba4 0-0 17. Qe3 Ne5 18. Nxe5 Bxa4 19. Nxa4 Qxe5 20. Nc3 Nh5 21. Qf3 Rc6 22. Bd4 Qf4 23. Qxh5 1-0

[Event "SVK-chT1W 0607"]
[Site "Slovakia"]
[Date "2006.11.05"]
[Round "4.3"]
[White "Stetina, Erik"]
[Black "Furjel, Andrej"]
[Result "1/2-1/2"]
[WhiteElo "2100"]
[BlackElo "2030"]
[PlyCount "82"]
[EventDate "2006.10.07"]
[EventType "team-tourn"]
[EventRounds "11"]
[EventCountry "SVK"]
[SourceTitle "EXT 2008"]
[Source "ChessBase"]
[SourceDate "2007.11.25"]
[SourceVersion "1"]
[SourceVersionDate "2007.11.25"]
[SourceQuality "1"]
[WhiteTeam "Trnava Lokomotiva"]
[BlackTeam "Piestany Kupele"]
[WhiteTeamCountry "SVK"]
[BlackTeamCountry "SVK"]

1. e4 c5 2. d4 cxd4 3. c3 d3 4. Nf3 d6 5. Bxd3 Nc6 6. 0-0 Nf6 7. Bg5 Qb6 8. Qc2 Bg4 9. Nbd2 h6 10. Be3 Qc7 11. Nd4 Nxd4 12. Bxd4 e5 13. Be3 Be7 14. f3 Be6 15. Bb5+ Nd7 16. Rfd1 0-0 17. Bxd7 Qxd7 18. Qd3 Qc6 19. c4 Bg5 20. b3 Rfd8 21. Nf1 a6 22. a4 Rab8 23. Ba7 Ra8 24. Bf2 h5 25. h4 Bf4 26. g3 Bh6 27. a5 Rd7 28. Bb6 g6 29. Ra2 Rf8 30. Nd2 Bxd2 31. Raxd2 f5 32. exf5 gxf5 33. Be3 Qxf3 34. Bh6 Qxd3 35. Rxd3 Rc8 36. Rxd6 Rxd6 37. Rxd6 Rc6 38. Rxc6 bxc6 39. Kf2 Kf7 40. Ke3 Ke7 41. Bg5+ Kd7 1/2-1/2

[Event "SVK-chT2A 0506"]
[Site "Slovakia"]
[Date "2005.12.18"]
[Round "6.4"]
[White "Samko, Karol"]
[Black "Stetina, Erik"]
[Result "1/2-1/2"]
[WhiteElo "2039"]
[BlackElo "1871"]
[PlyCount "105"]
[EventDate "2005.10.22"]
[EventType "team-tourn"]
[EventRounds "11"]
[EventCountry "SVK"]
[SourceTitle "EXT 2009"]
[Source "ChessBase"]
[SourceDate "2008.11.26"]
[SourceVersion "1"]
[SourceVersionDate "2008.11.26"]
[SourceQuality "1"]

1. e4 e5 2. Nf3 Nc6 3. Nc3 Bb4 4. Bb5 Nge7 5. 0-0 0-0 6. d3 Bxc3 7. bxc3 d5 8. Ba3 dxe4 9. dxe4 f6 10. Bxc6 Nxc6 11. Bxf8 Kxf8 12. Qxd8+ Nxd8 13. Nd2 Ne6 14. Nb3 b6 15. f3 Ke7 16. Kf2 Ba6 17. Rfd1 Nf4 18. Rd2 Rd8 19. Rad1 Rxd2+ 20. Rxd2 Bc4 21. g3 Ne6 22. Ke3 Nd8 23. a3 Nf7 24. Rd1 Nd6 25. Nd2 Ba2 26. a4 a5 27. Kd3 Be6 28. f4 Nb7 29. Nb3 Bd7 30. Ra1 Be6 31. c4 Kd6 32. f5 Bf7 33. g4 h6 34. h4 Be8 35. g5 fxg5 36. hxg5 hxg5 37. Rg1 Bxa4 38. Rxg5 Bxb3 39. cxb3 Nc5+ 40. Ke3 Nxb3 41. Rg6+ Kc5 42. Rxg7 Kd6 43. Rg6+ Kd7 44. Rg2 Nc5 45. Rd2+ Ke7 46. Rd5 Nd7 47. Rb5 Kf7 48. Ke2 Ke7 49. Kd2 Kd6 50. Ke3 Ke7 51. Kd2 Kd6 52. Rd5+ Ke7 53. Rb5 1/2-1/2

[Event "SVK-chT2A 0506"]
[Site "Slovakia"]
[Date "2005.10.23"]
[Round "2.5"]
[White "Stetina, Erik"]
[Black "Gajarsky, Roman"]
[Result "0-1"]
[WhiteElo "1871"]
[BlackElo "2052"]
[PlyCount "56"]
[EventDate "2005.10.22"]
[EventType "team-tourn"]
[EventRounds "11"]
[EventCountry "SVK"]
[SourceTitle "EXT 2009"]
[Source "ChessBase"]
[SourceDate "2008.11.26"]
[SourceVersion "1"]
[SourceVersionDate "2008.11.26"]
[SourceQuality "1"]

1. e4 e5 2. Bc4 Nf6 3. Nf3 Nxe4 4. Nc3 Nf6 5. Nxe5 d5 6. Bb3 Be6 7. 0-0 Bd6 8. d4 0-0 9. Bg5 c6 10. f4 Bf5 11. Ne2 h6 12. Bh4 Nbd7 13. Ng3 Bh7 14. Nxd7 Qxd7 15. Bxf6 gxf6 16. c3 Kh8 17. Qh5 Rg8 18. Qxh6 Rg6 19. Qh5 Qg4 20. Bd1 Qxh5 21. Bxh5 Rg7 22. Rae1 Rag8 23. Rf2 Bg6 24. Bd1 Bd3 25. Re3 Bb1 26. Nh5 Rg6 27. a3 Be4 28. Bc2 Rxg2+ 0-1